<?xml version="1.0" encoding="UTF-8"?>
<record
    xmlns:xsi="http://www.w3.org/2001/XMLSchema-instance"
    xsi:schemaLocation="http://www.loc.gov/MARC21/slim http://www.loc.gov/standards/marcxml/schema/MARC21slim.xsd"
    xmlns="http://www.loc.gov/MARC21/slim">

  <leader>01376nam a2200361 b 4500</leader>
  <controlfield tag="001">45146</controlfield>
  <controlfield tag="003">DO-SdBPM</controlfield>
  <controlfield tag="005">20250530113953.0</controlfield>
  <controlfield tag="007">45146</controlfield>
  <controlfield tag="008">970627s2012   sp a  |  || ||spa  </controlfield>
  <datafield tag="020" ind1=" " ind2=" ">
    <subfield code="a">9789962040279 (Obra completa)</subfield>
  </datafield>
  <datafield tag="020" ind1=" " ind2=" ">
    <subfield code="a">9789962040286 (v. 1)</subfield>
  </datafield>
  <datafield tag="020" ind1=" " ind2=" ">
    <subfield code="a">9789962040293 (v. 2)</subfield>
  </datafield>
  <datafield tag="020" ind1=" " ind2=" ">
    <subfield code="a">9789962040309 (v. 3)</subfield>
  </datafield>
  <datafield tag="020" ind1=" " ind2=" ">
    <subfield code="a">9789962040316 (v. 4)</subfield>
  </datafield>
  <datafield tag="040" ind1=" " ind2=" ">
    <subfield code="a">DO-SdBPM</subfield>
    <subfield code="b">spa</subfield>
    <subfield code="c">BPMSU</subfield>
  </datafield>
  <datafield tag="082" ind1=" " ind2="4">
    <subfield code="a">R036</subfield>
    <subfield code="b">E562g 2012</subfield>
    <subfield code="2"> 22</subfield>
  </datafield>
  <datafield tag="245" ind1="0" ind2="0">
    <subfield code="a">Enciclopedia general b&#xE1;sica /</subfield>
    <subfield code="c">Francisco Domingo ... [et al.] ;  direcci&#xF3;n editorial Sacramento Nieto.</subfield>
  </datafield>
  <datafield tag="260" ind1=" " ind2=" ">
    <subfield code="a">Barcelona : </subfield>
    <subfield code="b">Lexus,</subfield>
    <subfield code="c">2012.</subfield>
  </datafield>
  <datafield tag="300" ind1=" " ind2=" ">
    <subfield code="a">v. : </subfield>
    <subfield code="b">il. ;</subfield>
    <subfield code="c">29 cm.</subfield>
  </datafield>
  <datafield tag="505" ind1="0" ind2=" ">
    <subfield code="g">v. 1 : </subfield>
    <subfield code="t">Los seres vivos. Las plantas. Los animales. Nuestro cuerpo . Los deportes. Educaci&#xF3;n c&#xED;vica  -- </subfield>
  </datafield>
  <datafield tag="505" ind1="0" ind2=" ">
    <subfield code="g">v. 2 : </subfield>
    <subfield code="t"> El planeta tierra. Conservaci&#xF3;n de la naturaleza. La historia del hombre. Aprender el espa&#xF1;ol. --</subfield>
  </datafield>
  <datafield tag="505" ind1="0" ind2=" ">
    <subfield code="g">v. 3 : </subfield>
    <subfield code="t"> Aritm&#xE9;tica -- </subfield>
    <subfield code="t">Iniciaci&#xF3;n al &#xE1;lgebra --</subfield>
    <subfield code="t">Geometr&#xED;a -- </subfield>
    <subfield code="t">Computaci&#xF3;n -- </subfield>
    <subfield code="t">F&#xED;sica --</subfield>
  </datafield>
  <datafield tag="505" ind1="0" ind2=" ">
    <subfield code="g">v. 4 : </subfield>
    <subfield code="t"> Qu&#xED;mica. Tierras y pueblos. --</subfield>
  </datafield>
  <datafield tag="590" ind1=" " ind2=" ">
    <subfield code="a">Inventariado, 2025/VM</subfield>
  </datafield>
  <datafield tag="650" ind1=" " ind2="4">
    <subfield code="a">Enciclopedia y diccionarios espa&#xF1;oles  </subfield>
  </datafield>
  <datafield tag="700" ind1="1" ind2=" ">
    <subfield code="a">Domingo, Francisco.</subfield>
  </datafield>
  <datafield tag="700" ind1="1" ind2=" ">
    <subfield code="a">Nieto, Sacramento, </subfield>
    <subfield code="e">editor </subfield>
  </datafield>
  <datafield tag="710" ind1="2" ind2=" ">
    <subfield code="a">Lexus </subfield>
  </datafield>
  <datafield tag="910" ind1=" " ind2=" ">
    <subfield code="a">VMateo V. Control de calidad. BPMSU</subfield>
  </datafield>
  <datafield tag="942" ind1=" " ind2=" ">
    <subfield code="2">ddc</subfield>
    <subfield code="c">BK</subfield>
  </datafield>
  <datafield tag="952" ind1=" " ind2=" ">
    <subfield code="0">0</subfield>
    <subfield code="1">0</subfield>
    <subfield code="2">ddc</subfield>
    <subfield code="4">0</subfield>
    <subfield code="7">0</subfield>
    <subfield code="8">CR-G</subfield>
    <subfield code="a">BPMET</subfield>
    <subfield code="b">BPMET</subfield>
    <subfield code="d">2015-09-09</subfield>
    <subfield code="e">COMPRA</subfield>
    <subfield code="g">5460.00</subfield>
    <subfield code="l">0</subfield>
    <subfield code="o">BPMSU CGR R036 E56g 2012</subfield>
    <subfield code="p">BPMSU15090013</subfield>
    <subfield code="r">2015-09-09</subfield>
    <subfield code="t">v.1</subfield>
    <subfield code="w">2015-09-09</subfield>
    <subfield code="y">BK</subfield>
  </datafield>
  <datafield tag="952" ind1=" " ind2=" ">
    <subfield code="0">0</subfield>
    <subfield code="1">0</subfield>
    <subfield code="2">ddc</subfield>
    <subfield code="4">0</subfield>
    <subfield code="7">0</subfield>
    <subfield code="8">CR-G</subfield>
    <subfield code="a">BPMET</subfield>
    <subfield code="b">BPMET</subfield>
    <subfield code="d">2015-09-09</subfield>
    <subfield code="e">COMPRA</subfield>
    <subfield code="g">5460.00</subfield>
    <subfield code="l">0</subfield>
    <subfield code="o">BPMSU CGR R036 E56g 2012</subfield>
    <subfield code="p">BPMSU15090014</subfield>
    <subfield code="r">2015-09-09</subfield>
    <subfield code="t">v.1 e.2</subfield>
    <subfield code="w">2015-09-09</subfield>
    <subfield code="y">BK</subfield>
  </datafield>
  <datafield tag="952" ind1=" " ind2=" ">
    <subfield code="0">0</subfield>
    <subfield code="1">0</subfield>
    <subfield code="2">ddc</subfield>
    <subfield code="4">0</subfield>
    <subfield code="7">0</subfield>
    <subfield code="8">CR-G</subfield>
    <subfield code="a">BPMET</subfield>
    <subfield code="b">BPMET</subfield>
    <subfield code="d">2015-09-09</subfield>
    <subfield code="e">COMPRA</subfield>
    <subfield code="g">5460.00</subfield>
    <subfield code="l">0</subfield>
    <subfield code="o">BPMSU CGR R036 E56g 2012</subfield>
    <subfield code="p">BPMSU15090015</subfield>
    <subfield code="r">2015-09-09</subfield>
    <subfield code="t">v.1 e.3</subfield>
    <subfield code="w">2015-09-09</subfield>
    <subfield code="y">BK</subfield>
  </datafield>
  <datafield tag="952" ind1=" " ind2=" ">
    <subfield code="0">0</subfield>
    <subfield code="1">0</subfield>
    <subfield code="2">ddc</subfield>
    <subfield code="4">0</subfield>
    <subfield code="7">0</subfield>
    <subfield code="8">CR-G</subfield>
    <subfield code="a">BPMET</subfield>
    <subfield code="b">BPMET</subfield>
    <subfield code="d">2015-09-09</subfield>
    <subfield code="e">COMPRA</subfield>
    <subfield code="g">5460.00</subfield>
    <subfield code="l">0</subfield>
    <subfield code="o">BPMSU CGR R036 E56g 2012</subfield>
    <subfield code="p">BPMSU15090016</subfield>
    <subfield code="r">2015-09-09</subfield>
    <subfield code="t">v.2</subfield>
    <subfield code="w">2015-09-09</subfield>
    <subfield code="y">BK</subfield>
  </datafield>
  <datafield tag="952" ind1=" " ind2=" ">
    <subfield code="0">0</subfield>
    <subfield code="1">0</subfield>
    <subfield code="2">ddc</subfield>
    <subfield code="4">0</subfield>
    <subfield code="7">0</subfield>
    <subfield code="8">CG</subfield>
    <subfield code="a">BPMET</subfield>
    <subfield code="b">BPMET</subfield>
    <subfield code="d">2015-09-09</subfield>
    <subfield code="e">COMPRA</subfield>
    <subfield code="g">5460.00</subfield>
    <subfield code="l">0</subfield>
    <subfield code="o">BPMSU CGR R036 E56g 2012</subfield>
    <subfield code="p">BPMSU5090017</subfield>
    <subfield code="r">2015-09-09</subfield>
    <subfield code="t">v. 2  e.2</subfield>
    <subfield code="w">2015-09-09</subfield>
    <subfield code="y">BK</subfield>
  </datafield>
  <datafield tag="952" ind1=" " ind2=" ">
    <subfield code="0">0</subfield>
    <subfield code="1">0</subfield>
    <subfield code="2">ddc</subfield>
    <subfield code="4">0</subfield>
    <subfield code="7">0</subfield>
    <subfield code="8">CR-G</subfield>
    <subfield code="a">BPMET</subfield>
    <subfield code="b">BPMET</subfield>
    <subfield code="d">2015-09-09</subfield>
    <subfield code="e">COMPRA</subfield>
    <subfield code="g">5460.00</subfield>
    <subfield code="l">0</subfield>
    <subfield code="o">BPMSU CGR R036 E56g 2012</subfield>
    <subfield code="p">BPMSU15090018</subfield>
    <subfield code="r">2015-09-09</subfield>
    <subfield code="t">v.2  e.3</subfield>
    <subfield code="w">2015-09-09</subfield>
    <subfield code="y">BK</subfield>
  </datafield>
  <datafield tag="952" ind1=" " ind2=" ">
    <subfield code="0">0</subfield>
    <subfield code="1">0</subfield>
    <subfield code="2">ddc</subfield>
    <subfield code="4">0</subfield>
    <subfield code="7">0</subfield>
    <subfield code="8">CG</subfield>
    <subfield code="a">BPMET</subfield>
    <subfield code="b">BPMET</subfield>
    <subfield code="d">2015-09-09</subfield>
    <subfield code="e">COMPRA</subfield>
    <subfield code="g">5460.00</subfield>
    <subfield code="l">0</subfield>
    <subfield code="o">BPMSU CGR R036 E56g 2012</subfield>
    <subfield code="p">BPMSU15090019</subfield>
    <subfield code="r">2015-09-09</subfield>
    <subfield code="t">v.3</subfield>
    <subfield code="w">2015-09-09</subfield>
    <subfield code="y">BK</subfield>
  </datafield>
  <datafield tag="952" ind1=" " ind2=" ">
    <subfield code="0">0</subfield>
    <subfield code="1">0</subfield>
    <subfield code="2">ddc</subfield>
    <subfield code="4">0</subfield>
    <subfield code="7">0</subfield>
    <subfield code="8">CR-G</subfield>
    <subfield code="a">BPMET</subfield>
    <subfield code="b">BPMET</subfield>
    <subfield code="d">2015-09-09</subfield>
    <subfield code="e">COMPRA</subfield>
    <subfield code="g">5460.00</subfield>
    <subfield code="l">0</subfield>
    <subfield code="o">BPMSU CGR R036 E56g 2012</subfield>
    <subfield code="p">BPMSU15090020</subfield>
    <subfield code="r">2015-09-09</subfield>
    <subfield code="t">v. 3, e.2</subfield>
    <subfield code="w">2015-09-09</subfield>
    <subfield code="y">BK</subfield>
  </datafield>
  <datafield tag="952" ind1=" " ind2=" ">
    <subfield code="0">0</subfield>
    <subfield code="1">0</subfield>
    <subfield code="2">ddc</subfield>
    <subfield code="4">0</subfield>
    <subfield code="7">0</subfield>
    <subfield code="8">CR-G</subfield>
    <subfield code="a">BPMET</subfield>
    <subfield code="b">BPMET</subfield>
    <subfield code="d">2016-10-19</subfield>
    <subfield code="e">COMPRA</subfield>
    <subfield code="g">5460.00</subfield>
    <subfield code="l">0</subfield>
    <subfield code="o">BPMSU CGR R036 E56g 2012</subfield>
    <subfield code="p">BPMSU16100243</subfield>
    <subfield code="r">2016-10-19</subfield>
    <subfield code="t">v.3 e.3</subfield>
    <subfield code="w">2016-10-19</subfield>
    <subfield code="y">BK</subfield>
  </datafield>
  <datafield tag="952" ind1=" " ind2=" ">
    <subfield code="0">0</subfield>
    <subfield code="1">0</subfield>
    <subfield code="2">ddc</subfield>
    <subfield code="4">0</subfield>
    <subfield code="7">0</subfield>
    <subfield code="8">CR-G</subfield>
    <subfield code="a">BPMET</subfield>
    <subfield code="b">BPMET</subfield>
    <subfield code="d">2016-10-19</subfield>
    <subfield code="e">COMPRA</subfield>
    <subfield code="g">5460.00</subfield>
    <subfield code="l">0</subfield>
    <subfield code="o">BPMSU CGR R036 E56g 2012</subfield>
    <subfield code="p">BPMSU16100244</subfield>
    <subfield code="r">2016-10-19</subfield>
    <subfield code="t">v.4</subfield>
    <subfield code="w">2016-10-19</subfield>
    <subfield code="y">BK</subfield>
  </datafield>
  <datafield tag="952" ind1=" " ind2=" ">
    <subfield code="0">0</subfield>
    <subfield code="1">0</subfield>
    <subfield code="2">ddc</subfield>
    <subfield code="4">0</subfield>
    <subfield code="7">0</subfield>
    <subfield code="8">CR-G</subfield>
    <subfield code="a">BPMET</subfield>
    <subfield code="b">BPMET</subfield>
    <subfield code="d">2016-10-19</subfield>
    <subfield code="e">COMPRA</subfield>
    <subfield code="g">5460.00</subfield>
    <subfield code="l">0</subfield>
    <subfield code="o">BPMSU CGR R036 E56g 2012</subfield>
    <subfield code="p">BPMSU16100245</subfield>
    <subfield code="r">2016-10-19</subfield>
    <subfield code="t">v.4, e. 2</subfield>
    <subfield code="w">2016-10-19</subfield>
    <subfield code="y">BK</subfield>
  </datafield>
  <datafield tag="952" ind1=" " ind2=" ">
    <subfield code="0">0</subfield>
    <subfield code="1">0</subfield>
    <subfield code="2">ddc</subfield>
    <subfield code="4">0</subfield>
    <subfield code="7">0</subfield>
    <subfield code="8">CR-G</subfield>
    <subfield code="a">BPMET</subfield>
    <subfield code="b">BPMET</subfield>
    <subfield code="d">2016-10-19</subfield>
    <subfield code="e">COMPRA</subfield>
    <subfield code="g">5460.00</subfield>
    <subfield code="l">0</subfield>
    <subfield code="o">BPMSU CGR R036 E56g 2012</subfield>
    <subfield code="p">BPMSU16100246</subfield>
    <subfield code="r">2016-10-19</subfield>
    <subfield code="t">v. 4  e.3</subfield>
    <subfield code="w">2016-10-19</subfield>
    <subfield code="y">BK</subfield>
  </datafield>
  <datafield tag="980" ind1=" " ind2=" ">
    <subfield code="a"> </subfield>
    <subfield code="a"> </subfield>
  </datafield>
  <datafield tag="999" ind1=" " ind2=" ">
    <subfield code="c">8247</subfield>
    <subfield code="d">8247</subfield>
  </datafield>
</record>
